[Event "Woerishofen sen 2016"]
[Site "Bad Woerishofen"]
[Date "2016.02.27"]
[Round "2.9"]
[White "Hohler, Peter"]
[Black "Di Lazzaro, Gabriele"]
[Result "1/2-1/2"]
[WhiteElo "2138"]
[BlackElo "1970"]
[PlyCount "52"]
[EventDate "2016.02.26"]
[EventType "swiss"]
[EventCountry "GER"]
[WhiteTeam "SUI"]
[BlackTeam "ITA"]
[WhiteTeamCountry "SUI"]
[BlackTeamCountry "ITA"]

1. d4 d5 2. c4 e6 3. Nc3 c6 4. e3 Nf6 5. Nf3 Nbd7 6. Bd3 dxc4 7. Bxc4 Bb4 8.
O-O O-O 9. Qe2 Qc7 10. e4 e5 11. dxe5 Nxe5 12. Bf4 Nxf3+ 13. Qxf3 Qa5 14. Rac1
Bg4 15. Qg3 Qh5 16. e5 Bxc3 17. Qxc3 Nd5 18. Bxd5 cxd5 19. Qd4 Be6 20. Rc7 b6
21. Rfc1 Qe2 22. h3 Qb5 23. Bd2 Rfc8 24. Kh2 Qa6 25. a3 Rxc7 26. Rxc7 Rc8
1/2-1/2

[Event "Woerishofen sen 2016"]
[Site "Bad Woerishofen"]
[Date "2016.02.27"]
[Round "2.10"]
[White "Aigner, Georg"]
[Black "Haubt, Georg"]
[Result "0-1"]
[WhiteElo "1932"]
[BlackElo "2125"]
[PlyCount "86"]
[EventDate "2016.02.26"]
[EventType "swiss"]
[EventCountry "GER"]
[WhiteTeam "Taufkirchen SC"]
[BlackTeam "Oberursel SV"]
[WhiteTeamCountry "GER"]
[BlackTeamCountry "GER"]

1. d4 Nf6 2. c4 e6 3. Nc3 Bb4 4. Bd2 O-O 5. e3 d5 6. cxd5 exd5 7. Bd3 Re8 8.
Nge2 c6 9. Ng3 Nbd7 10. O-O Nf8 11. Re1 Ng6 12. e4 dxe4 13. Ncxe4 Nd5 14. Nc3
Rxe1+ 15. Bxe1 Ndf4 16. Bxg6 hxg6 17. Nce2 Bd6 18. Nxf4 Bxf4 19. Bc3 Be6 20.
Qf3 Qc7 21. Re1 Bxa2 22. Nf1 Bd6 23. h3 b5 24. b4 a5 25. bxa5 Bd5 26. Qd1 b4
27. Bb2 Qxa5 28. Qg4 Qd8 29. Ne3 Be6 30. Qf3 Ra2 31. Re2 Qa8 32. Rc2 Be7 33.
Qe2 b3 34. Rc1 Ba3 35. Rb1 Qa4 36. Qd2 Qb5 37. g4 f5 38. Nd1 fxg4 39. hxg4 Bxg4
40. Nc3 Qf5 41. Qc1 Bh3 42. Ne2 Bd6 43. Ng3 Qf3 0-1

[Event "Woerishofen sen 2016"]
[Site "Bad Woerishofen"]
[Date "2016.02.27"]
[Round "2.11"]
[White "Maes, Valery"]
[Black "Schwis, Joachim"]
[Result "1/2-1/2"]
[WhiteElo "2110"]
[BlackElo "1967"]
[PlyCount "51"]
[EventDate "2016.02.26"]
[EventType "swiss"]
[EventCountry "GER"]
[WhiteTeam "Krefelder SK Turm"]
[BlackTeam "Koeln SF Ford"]
[WhiteTeamCountry "GER"]
[BlackTeamCountry "GER"]

1. d4 Nf6 2. Nf3 g6 3. Bg5 Bg7 4. Nbd2 d5 5. e3 O-O 6. Be2 c6 7. c4 h6 8. Bf4
g5 9. Bg3 Nh5 10. Be5 Nd7 11. Bxg7 Nxg7 12. O-O e6 13. Qc2 f5 14. b4 g4 15. Ne1
Qg5 16. Nd3 Nh5 17. g3 Ndf6 18. Nf4 Nxf4 19. exf4 Qg7 20. Rfd1 h5 21. Nf1 Bd7
22. Rac1 Be8 23. b5 Ne4 24. a4 Bd7 25. Qb3 Qe7 26. Bd3 1/2-1/2

[Event "Woerishofen sen 2016"]
[Site "Bad Woerishofen"]
[Date "2016.02.27"]
[Round "2.12"]
[White "Abel, Hans Peter"]
[Black "Born, Bernd Ludger"]
[Result "0-1"]
[WhiteElo "1928"]
[BlackElo "2105"]
[PlyCount "84"]
[EventDate "2016.02.26"]
[EventType "swiss"]
[EventCountry "GER"]
[WhiteTeam "Leinfelden SC"]
[BlackTeam "Pfullingen SF"]
[WhiteTeamCountry "GER"]
[BlackTeamCountry "GER"]

1. c4 c5 2. Nc3 g6 3. g3 Bg7 4. Bg2 Nc6 5. Nf3 d6 6. e4 e5 7. d3 Nge7 8. O-O
O-O 9. h3 a6 10. Be3 Nd4 11. Nd2 Nec6 12. Nd5 Rb8 13. Nb3 b5 14. Bxd4 exd4 15.
Nd2 Be6 16. b3 Ne7 17. f4 f5 18. Nxe7+ Qxe7 19. Re1 Qd7 20. exf5 Bxf5 21. Qf3
Rbe8 22. g4 Re3 23. Qc6 Qxc6 24. Bxc6 Bxd3 25. Bd5+ Kh8 26. cxb5 Bxb5 27. Nc4
Bxc4 28. Bxc4 a5 29. Rad1 Rxh3 30. Kg2 Rc3 31. a4 Rxf4 32. Re8+ Rf8 33. Rxf8+
Bxf8 34. Rf1 Be7 35. Rf7 Re3 36. Rf3 Re5 37. Kg3 d5 38. Bd3 Kg7 39. Rf2 Bd6 40.
Kg2 Re7 41. Bb5 Re4 42. Kh3 Re3+ 0-1

[Event "Woerishofen sen 2016"]
[Site "Bad Woerishofen"]
[Date "2016.02.27"]
[Round "2.13"]
[White "Lange, Manfred"]
[Black "Klein, Klaus"]
[Result "1/2-1/2"]
[WhiteElo "2098"]
[BlackElo "1949"]
[PlyCount "72"]
[EventDate "2016.02.26"]
[EventType "swiss"]
[EventCountry "GER"]
[WhiteTeam "Wuerzburg SV"]
[BlackTeam "Heidelberg SF"]
[WhiteTeamCountry "GER"]
[BlackTeamCountry "GER"]

1. e4 c6 2. d4 d5 3. Nc3 dxe4 4. Nxe4 Bf5 5. Ng3 Bg6 6. Nf3 Nd7 7. h4 h6 8. h5
Bh7 9. Bd3 Bxd3 10. Qxd3 e6 11. Bd2 Qc7 12. O-O-O Ngf6 13. c4 Bd6 14. Ne4 Bf4
15. Rh4 Bxd2+ 16. Rxd2 Nxe4 17. Qxe4 Nf6 18. Qe5 Qxe5 19. dxe5 Nd7 20. Rg4 Rg8
21. Rgd4 O-O-O 22. Kc2 Nb6 23. b3 Rxd4 24. Rxd4 c5 25. Rf4 Rf8 26. Nd2 Nd7 27.
Re4 Kd8 28. Rg4 Rg8 29. f4 Ke7 30. Rg3 f5 31. exf6+ Nxf6 32. Re3 Kf7 33. Ne4
Nxe4 34. Rxe4 g5 35. fxg5 Rxg5 36. g4 e5 1/2-1/2

[Event "Woerishofen sen 2016"]
[Site "Bad Woerishofen"]
[Date "2016.02.27"]
[Round "2.14"]
[White "Fitzke, Ulrich"]
[Black "Lang, Ferdinand"]
[Result "0-1"]
[WhiteElo "1909"]
[BlackElo "2097"]
[PlyCount "74"]
[EventDate "2016.02.26"]
[EventType "swiss"]
[EventCountry "GER"]
[WhiteTeam "Berlin SV Bau Union"]
[BlackTeam "Willsbach TSV"]
[WhiteTeamCountry "GER"]
[BlackTeamCountry "GER"]

1. d4 Nf6 2. c4 c5 3. e3 e6 4. Nf3 Be7 5. Be2 O-O 6. O-O Qc7 7. Nc3 a6 8. b3 b6
9. Bb2 Bb7 10. h3 d6 11. Qc2 Nbd7 12. Rad1 Rfd8 13. Rd2 Rac8 14. Rfd1 Nf8 15.
Ne1 cxd4 16. Rxd4 d5 17. cxd5 exd5 18. Bf3 Ne6 19. R4d2 Bb4 20. Rc1 d4 21. exd4
Nxd4 22. Qd1 Nxf3+ 23. Nxf3 Rxd2 24. Nxd2 Qf4 25. Ncb1 Rd8 26. Rc4 Qg5 27. f3
Bxd2 28. Nxd2 Rxd2 29. Qxd2 Qxd2 30. Rd4 Qe3+ 31. Kh1 h5 32. Rd8+ Kh7 33. Bd4
Qe2 34. Bxf6 gxf6 35. Rd7 Qe1+ 36. Kh2 Qe5+ 37. Kh1 Bd5 0-1

[Event "Woerishofen sen 2016"]
[Site "Bad Woerishofen"]
[Date "2016.02.27"]
[Round "2.15"]
[White "Rahn, Oskar"]
[Black "Zschorsch, Peter"]
[Result "1/2-1/2"]
[WhiteElo "2091"]
[BlackElo "1941"]
[PlyCount "52"]
[EventDate "2016.02.26"]
[EventType "swiss"]
[EventCountry "GER"]
[WhiteTeam "Frankenthal SK"]
[BlackTeam "Karlsruher SF"]
[WhiteTeamCountry "GER"]
[BlackTeamCountry "GER"]

1. e4 c6 2. d4 d5 3. exd5 cxd5 4. c4 Nf6 5. Nc3 Nc6 6. Nf3 g6 7. Be3 Bg7 8.
cxd5 Nxd5 9. Bc4 e6 10. O-O O-O 11. Rc1 Nxc3 12. bxc3 Bd7 13. Qd2 Qa5 14. Rb1
Qc7 15. Be2 Rfd8 16. Rfc1 Be8 17. Qb2 Rab8 18. Bg5 Rd7 19. Bh4 Rc8 20. Bg3 Qa5
21. Bb5 a6 22. Bxc6 Rxc6 23. Ne5 Bxe5 24. Bxe5 Qd8 25. Qe2 f6 26. Bg3 Bf7
1/2-1/2

[Event "Woerishofen sen 2016"]
[Site "Bad Woerishofen"]
[Date "2016.02.27"]
[Round "2.16"]
[White "Zerweck, Christoph"]
[Black "Glatthor, Thomas"]
[Result "0-1"]
[WhiteElo "1890"]
[BlackElo "2071"]
[PlyCount "104"]
[EventDate "2016.02.26"]
[EventType "swiss"]
[EventCountry "GER"]
[WhiteTeam "Herrenberg SV"]
[BlackTeam "Hermsdorf VfB"]
[WhiteTeamCountry "GER"]
[BlackTeamCountry "GER"]

1. e4 d6 2. d4 g6 3. Nc3 Bg7 4. Be3 c6 5. Qd2 b5 6. Bd3 Nf6 7. Bh6 Bxh6 8. Qxh6
e5 9. dxe5 dxe5 10. O-O-O Ng4 11. Qg7 Qf6 12. Qxf6 Nxf6 13. h3 O-O 14. g4 Nbd7
15. Nge2 Nc5 16. Ng3 Be6 17. Kb1 Rfd8 18. b3 Rd7 19. Nce2 Rad8 20. f4 exf4 21.
Nxf4 Nfxe4 22. Nxe6 fxe6 23. Nxe4 Nxe4 24. Rde1 Nf2 25. Rh2 Nxd3 26. cxd3 Kf7
27. Rhe2 Rxd3 28. Rxe6 Rd1+ 29. Kb2 Rxe1 30. Rxe1 g5 31. Re3 Rd2+ 32. Kb1 a5
33. Rc3 Rd6 34. Kc2 Ke6 35. Rf3 Ke7 36. Rf2 Rf6 37. Re2+ Kd7 38. Kb2 Rf3 39.
Rh2 h6 40. Kc2 Kd6 41. Kd2 Kc5 42. Kc2 Kb6 43. Kb2 c5 44. Kc2 b4 45. Kb2 Kb5
46. Kc2 a4 47. Kb2 a3+ 48. Kb1 c4 49. Kc2 cxb3+ 50. axb3 Rc3+ 51. Kb1 Rxb3+ 52.
Ka2 Rg3 0-1

[Event "Woerishofen sen 2016"]
[Site "Bad Woerishofen"]
[Date "2016.02.27"]
[Round "2.17"]
[White "Villing, Dieter"]
[Black "Braun, Erhard"]
[Result "1/2-1/2"]
[WhiteElo "2055"]
[BlackElo "1932"]
[PlyCount "143"]
[EventDate "2016.02.26"]
[EventType "swiss"]
[EventCountry "GER"]
[WhiteTeam "Ludwigshafen SK"]
[BlackTeam "Heusweiler SC"]
[WhiteTeamCountry "GER"]
[BlackTeamCountry "GER"]

1. e4 c5 2. Nf3 Nc6 3. Bb5 Nd4 4. Nxd4 cxd4 5. c3 a6 6. Ba4 b5 7. Bc2 Qb6 8.
cxd4 Qxd4 9. Nc3 Bb7 10. Ne2 Qb6 11. d4 g6 12. O-O Bg7 13. Be3 Nf6 14. d5 Qc7
15. Rc1 Rc8 16. Bf4 Qa5 17. a4 O-O 18. axb5 Qxb5 19. Nd4 Qb4 20. Be3 Nxe4 21.
Bxe4 Rxc1 22. Qxc1 Bxd4 23. Bxd4 Qxd4 24. Bf3 Rc8 25. Qg5 f6 26. Qg3 Bxd5 27.
Rd1 Bxf3 28. Qxf3 Qe5 29. Qb7 Rc7 30. Qxa6 Qxb2 31. Qa8+ Kg7 32. Qd5 e6 33. Qd6
Qe5 34. Qe7+ Kh6 35. Qf8+ Kg5 36. g3 Qe2 37. h4+ Kf5 38. Rf1 h5 39. Qd6 Qe5 40.
Qd3+ Qe4 41. Qb5+ d5 42. f3 Qc4 43. Qb1+ Qc2 44. Qe1 e5 45. g4+ Ke6 46. gxh5
gxh5 47. Qg3 Qh7 48. Qh3+ Kd6 49. Ra1 Qg6+ 50. Kf1 Rc6 51. Qh2 Qf5 52. Qg3 Qf4
53. Qxf4 exf4 54. Ra8 Ke5 55. Rh8 Rd6 56. Rxh5+ f5 57. Kg2 d4 58. Kf2 d3 59.
Ke1 Rc6 60. Kd2 Kd4 61. Rxf5 Rc2+ 62. Kd1 Ke3 63. Rd5 Rf2 64. Re5+ Kxf3 65. Re1
Kg4 66. Rg1+ Kxh4 67. Rg8 Kh3 68. Ke1 Rg2 69. Rd8 d2+ 70. Kf1 f3 71. Rd3 Kg3
72. Rxf3+ 1/2-1/2

[Event "Woerishofen sen 2016"]
[Site "Bad Woerishofen"]
[Date "2016.02.27"]
[Round "2.19"]
[White "Klempt, Guenter"]
[Black "Winter, Bernd"]
[Result "1-0"]
[WhiteElo "2039"]
[BlackElo "1922"]
[PlyCount "119"]
[EventDate "2016.02.26"]
[EventType "swiss"]
[EventCountry "GER"]
[WhiteTeam "Bochumer SV"]
[BlackTeam "Muenchen SK Siemens"]
[WhiteTeamCountry "GER"]
[BlackTeamCountry "GER"]

1. d4 Nf6 2. c4 g6 3. Nc3 Bg7 4. e4 d6 5. Nf3 O-O 6. Be3 e5 7. h3 Nc6 8. Qd2
exd4 9. Nxd4 Re8 10. Nxc6 bxc6 11. Bd3 d5 12. exd5 cxd5 13. cxd5 Nxd5 14. Bb5
Rxe3+ 15. fxe3 Qh4+ 16. Qf2 Qb4 17. O-O Be6 18. Bc6 Nxe3 19. Rfe1 Nf5 20. Rad1
Rf8 21. Re4 Qa5 22. Ra4 Qb6 23. Qxb6 axb6 24. Bd7 c5 25. Bxe6 fxe6 26. Ne2 Bxb2
27. Ra6 Ne3 28. Rb1 Nc4 29. Ra4 b5 30. Rxc4 bxc4 31. Rxb2 Rd8 32. Rc2 Rd1+ 33.
Kf2 Kf7 34. Nc3 Rd3 35. a4 Ke7 36. Ne4 Rd4 37. Kf3 e5 38. Nxc5 Kd6 39. Ne4+ Kc6
40. Nd2 Kd5 41. Nxc4 e4+ 42. Ke3 Rd3+ 43. Ke2 Kd4 44. a5 Rg3 45. Kf2 Rg5 46. a6
Rf5+ 47. Ke2 Rf7 48. Ra2 e3 49. Nxe3 Ra7 50. Ng4 Kc4 51. Ke3 g5 52. Ke4 h5 53.
Ne5+ Kb3 54. Ra1 Ra8 55. a7 Kb2 56. Ra6 Kc3 57. Nd7 Kb4 58. Ra1 Kb5 59. Kf5 Kc6
60. Nf6 1-0

[Event "Woerishofen sen 2016"]
[Site "Bad Woerishofen"]
[Date "2016.02.27"]
[Round "2.20"]
[White "Boldt, Heinrich"]
[Black "Walther, Reinhard"]
[Result "0-1"]
[WhiteElo "1862"]
[BlackElo "2039"]
[PlyCount "60"]
[EventDate "2016.02.26"]
[EventType "swiss"]
[EventCountry "GER"]
[WhiteTeam "Kareth Lappersdorf TSV"]
[BlackTeam "Herzogenaurach SK"]
[WhiteTeamCountry "GER"]
[BlackTeamCountry "GER"]

1. d4 d5 2. Nf3 Nf6 3. Bf4 Bf5 4. e3 c6 5. c3 Qb6 6. Qb3 Nbd7 7. Nbd2 h6 8. h3
g5 9. Bg3 Bg7 10. Ne5 Ne4 11. Qxb6 axb6 12. Nxd7 Kxd7 13. Nxe4 Bxe4 14. Kd2 b5
15. f3 Bh7 16. a3 f6 17. Bd3 e5 18. Bxh7 Rxh7 19. h4 Rhh8 20. hxg5 hxg5 21.
Rxh8 Rxh8 22. Rf1 Ke6 23. Kd3 f5 24. dxe5 Bxe5 25. Bxe5 Kxe5 26. f4+ gxf4 27.
exf4+ Kd6 28. Rf3 Rg8 29. g3 c5 30. Re3 Rg6 0-1

[Event "Woerishofen sen 2016"]
[Site "Bad Woerishofen"]
[Date "2016.02.27"]
[Round "2.21"]
[White "Pfitzer, Norbert"]
[Black "Young, Mel J"]
[Result "1-0"]
[WhiteElo "2034"]
[BlackElo "1912"]
[PlyCount "69"]
[EventDate "2016.02.26"]
[EventType "swiss"]
[EventCountry "GER"]
[WhiteTeam "Aalen Ellwangen SV"]
[BlackTeam "ENG"]
[WhiteTeamCountry "GER"]
[BlackTeamCountry "ENG"]

1. Nf3 f5 2. g3 Nf6 3. Bg2 d5 4. d4 e6 5. O-O Bd6 6. c4 c6 7. Qc2 O-O 8. b3 Qe7
9. Nc3 Ne4 10. Bb2 Nd7 11. e3 Ndf6 12. Ne2 Bd7 13. Ne5 Be8 14. h4 Nd7 15. f3
Nef6 16. Nf4 Nh5 17. Ne2 Nhf6 18. Bh3 Rc8 19. Nf4 Bxe5 20. dxe5 Nh5 21. Ne2 g5
22. g4 fxg4 23. fxg4 Ng7 24. h5 Bf7 25. Ng3 Ne8 26. Rad1 Nb6 27. Qc3 dxc4 28.
bxc4 Na4 29. Qa3 Qxa3 30. Bxa3 c5 31. Ne4 h6 32. Rd7 Rc7 33. Nf6+ Kh8 34. Rxc7
Nxc7 35. Nd7 1-0

[Event "Woerishofen sen 2016"]
[Site "Bad Woerishofen"]
[Date "2016.02.27"]
[Round "2.22"]
[White "Bauder, Herbert"]
[Black "Lainburg, Viktor"]
[Result "0-1"]
[WhiteElo "1897"]
[BlackElo "2033"]
[PlyCount "94"]
[EventDate "2016.02.26"]
[EventType "swiss"]
[EventCountry "GER"]
[WhiteTeam "Steglitz Wilmersdorf SG Lasker"]
[BlackTeam "Ulm SC Weisse Dame"]
[WhiteTeamCountry "GER"]
[BlackTeamCountry "GER"]

1. d4 d5 2. Nf3 c5 3. c4 cxd4 4. Qxd4 Nc6 5. Qxd5 Qxd5 6. cxd5 Nb4 7. Na3 Nf6
8. e4 Nxe4 9. Bb5+ Bd7 10. Bxd7+ Kxd7 11. O-O Nxd5 12. Ne5+ Ke8 13. Re1 Nef6
14. Bg5 e6 15. Nac4 Bb4 16. Re2 h6 17. Bd2 Bxd2 18. Rxd2 Ke7 19. Ne3 Nxe3 20.
fxe3 Rac8 21. Rad1 Rc7 22. Kf1 Rhc8 23. Ke2 Rc2 24. Kf3 Rxd2 25. Rxd2 Rc5 26.
Nd3 Rc7 27. Ne5 Nd7 28. Nxd7 Rxd7 29. Rc2 e5 30. g4 Ke6 31. h4 g6 32. g5 hxg5
33. hxg5 Kf5 34. Rg2 e4+ 35. Ke2 b5 36. Ke1 Rc7 37. Kd1 a5 38. Kd2 b4 39. b3
Ra7 40. Ke1 a4 41. bxa4 Rxa4 42. Kf1 Ra3 43. Rf2+ Kxg5 44. Rxf7 Rxa2 45. Rb7
Rb2 46. Re7 b3 47. Rxe4 Ra2 0-1

[Event "Woerishofen sen 2016"]
[Site "Bad Woerishofen"]
[Date "2016.02.27"]
[Round "2.23"]
[White "Braeu, Ludwig"]
[Black "Harsch, Martin"]
[Result "0-1"]
[WhiteElo "1894"]
[BlackElo "2029"]
[PlyCount "74"]
[EventDate "2016.02.26"]
[EventType "swiss"]
[EventCountry "GER"]
[WhiteTeam "Marktoberdorf SK"]
[BlackTeam "SUI"]
[WhiteTeamCountry "GER"]
[BlackTeamCountry "SUI"]

1. c4 c6 2. g3 d5 3. Bg2 Nf6 4. Nf3 Bg4 5. Qc2 Nbd7 6. O-O e6 7. b3 Be7 8. Bb2
O-O 9. d3 h6 10. Nbd2 Bf5 11. Rfe1 Bh7 12. Qd1 Qc7 13. e4 Nc5 14. Qe2 dxe4 15.
dxe4 Rad8 16. Ne5 Nfd7 17. Nxd7 Rxd7 18. Red1 Nd3 19. Bc3 Bc5 20. Rf1 Rfd8 21.
Nf3 a5 22. Ne1 a4 23. Nxd3 Rxd3 24. Rac1 axb3 25. axb3 Qb6 26. Qb2 f6 27. b4
Bd4 28. c5 Qc7 29. Bxd4 R3xd4 30. Rfe1 e5 31. f3 Kf8 32. Bf1 Qd7 33. Be2 Rd2
34. Qc3 Qd4+ 35. Kf1 f5 36. exf5 Bxf5 37. Red1 Qxc3 0-1

[Event "Woerishofen sen 2016"]
[Site "Bad Woerishofen"]
[Date "2016.02.27"]
[Round "2.24"]
[White "Waltenberger, Udo"]
[Black "Zwetz, Anita"]
[Result "1/2-1/2"]
[WhiteElo "2026"]
[BlackElo "1864"]
[PlyCount "153"]
[EventDate "2016.02.26"]
[EventType "swiss"]
[EventCountry "GER"]
[WhiteTeam "Reichenbrand SV Eiche"]
[BlackTeam "Kareth Lappersdorf TSV"]
[WhiteTeamCountry "GER"]
[BlackTeamCountry "GER"]

1. Nf3 d5 2. g3 Nf6 3. Bg2 Nc6 4. d4 h6 5. O-O Bg4 6. Nbd2 e6 7. b3 Bb4 8. Bb2
O-O 9. a3 Bxd2 10. Nxd2 Re8 11. h3 Bh5 12. g4 Bg6 13. c4 Ne7 14. Re1 Ne4 15. f3
Nf6 16. e4 Nh7 17. e5 Qd7 18. Qe2 Nc6 19. Rad1 Rad8 20. f4 f5 21. cxd5 exd5 22.
Bf3 a6 23. Nf1 Qe6 24. Ng3 Ne7 25. Bc1 Qb6 26. b4 Nf8 27. Qe3 Ne6 28. Ne2 Rf8
29. Qb3 c6 30. Rf1 Bh7 31. Bg2 Kh8 32. Kh1 Rf7 33. Qg3 Rg8 34. g5 h5 35. Bf3 g6
36. Be3 Qb5 37. Qe1 Qb6 38. Qc3 Rc8 39. Nc1 Qd8 40. Nb3 b6 41. Qd3 Ra8 42. Rc1
Qd7 43. Rc2 Rff8 44. Rfc1 Rfc8 45. Be2 Qb7 46. a4 Bg8 47. b5 axb5 48. axb5 c5
49. dxc5 bxc5 50. Nxc5 Nxc5 51. Bxc5 d4+ 52. Bf3 Bd5 53. Bxd5 Nxd5 54. Kh2 Nxf4
55. Qxd4 Ne6 56. Qd6 Re8 57. Qc6 Qxc6 58. bxc6 Nxg5 59. Kg2 Ne6 60. Bd6 Nf4+
61. Kh2 Nd3 62. Rb1 Nxe5 63. c7 Nf7 64. Bg3 Rac8 65. Rb8 Kg7 66. Rxc8 Rxc8 67.
Rb2 h4 68. Bxh4 Rxc7 69. Rg2 Rc4 70. Be7 Kh6 71. h4 Ne5 72. Kh3 Kh7 73. h5 Rc3+
74. Rg3 Rxg3+ 75. Kxg3 gxh5 76. Kf4 Ng6+ 77. Kxf5 1/2-1/2

[Event "Woerishofen sen 2016"]
[Site "Bad Woerishofen"]
[Date "2016.02.27"]
[Round "2.25"]
[White "Dietl, Robert"]
[Black "Eichler, Gottfried"]
[Result "1/2-1/2"]
[WhiteElo "1855"]
[BlackElo "2024"]
[PlyCount "29"]
[EventDate "2016.02.26"]
[EventType "swiss"]
[EventCountry "GER"]
[WhiteTeam "Koenigsbrunn SK"]
[BlackTeam "Dannenberg MTV"]
[WhiteTeamCountry "GER"]
[BlackTeamCountry "GER"]

1. e4 c5 2. Nf3 a6 3. c3 d5 4. exd5 Qxd5 5. d4 Nf6 6. Be2 e6 7. O-O Nc6 8. Be3
cxd4 9. cxd4 Be7 10. Nc3 Qa5 11. a3 O-O 12. b4 Qd8 13. Qb3 Bd6 14. b5 Ne7 15.
Bg5 1/2-1/2

[Event "Woerishofen sen 2016"]
[Site "Bad Woerishofen"]
[Date "2016.02.27"]
[Round "2.26"]
[White "Weinwurm, Wolfgang"]
[Black "Michalowski, Richard"]
[Result "1-0"]
[WhiteElo "2185"]
[BlackElo "1803"]
[PlyCount "47"]
[EventDate "2016.02.26"]
[EventType "swiss"]
[EventCountry "GER"]
[WhiteTeam "AUT"]
[BlackTeam "Konz Karthaus SF"]
[WhiteTeamCountry "AUT"]
[BlackTeamCountry "GER"]

1. e4 d5 2. exd5 Qxd5 3. Nf3 Bg4 4. Be2 Nf6 5. d4 c6 6. c4 Qd8 7. h3 Bh5 8. O-O
e6 9. Nc3 Be7 10. Bf4 O-O 11. Re1 Bd6 12. Ne5 Bxe2 13. Qxe2 Re8 14. Rad1 Bb4
15. Qf3 Qe7 16. Bg5 h6 17. Bh4 g5 18. Bg3 Kg7 19. h4 Rh8 20. d5 Bxc3 21. Qxc3
Na6 22. d6 Qd8 23. Ng4 Kg6 24. Nxf6 1-0

[Event "Woerishofen sen 2016"]
[Site "Bad Woerishofen"]
[Date "2016.02.27"]
[Round "2.27"]
[White "Titz, Waldemar"]
[Black "Erhart, Uwe"]
[Result "1/2-1/2"]
[WhiteElo "1725"]
[BlackElo "2079"]
[PlyCount "44"]
[EventDate "2016.02.26"]
[EventType "swiss"]
[EventCountry "GER"]
[WhiteTeam "Rottweil SV"]
[BlackTeam "Raisdorfer SG"]
[WhiteTeamCountry "GER"]
[BlackTeamCountry "GER"]

1. e4 c5 2. Nf3 d6 3. d4 cxd4 4. Nxd4 Nf6 5. Nc3 g6 6. Be2 Bg7 7. Be3 Nc6 8.
O-O O-O 9. Qd2 Ng4 10. Bxg4 Bxg4 11. f3 Bd7 12. Rfd1 Ne5 13. b3 Rc8 14. Nce2 a6
15. c4 Qc7 16. Rac1 Rfd8 17. Kh1 Nc6 18. Nxc6 Bxc6 19. Nd4 e5 20. Nxc6 bxc6 21.
Qf2 Rd7 22. Rd2 c5 1/2-1/2

[Event "Woerishofen sen 2016"]
[Site "Bad Woerishofen"]
[Date "2016.02.27"]
[Round "2.28"]
[White "Heppell, Ian N"]
[Black "Stokes, Paul C"]
[Result "1-0"]
[WhiteElo "2077"]
[BlackElo "1850"]
[PlyCount "83"]
[EventDate "2016.02.26"]
[EventType "swiss"]
[EventCountry "GER"]
[WhiteTeam "ENG"]
[BlackTeam "ENG"]
[WhiteTeamCountry "ENG"]
[BlackTeamCountry "ENG"]

1. e4 c6 2. c4 d5 3. exd5 cxd5 4. cxd5 Nf6 5. Nc3 Nxd5 6. Bc4 Nb6 7. Bb3 Nc6 8.
Nf3 e6 9. d4 Be7 10. O-O O-O 11. Be3 Re8 12. Qe2 Bf8 13. Rfd1 Nd5 14. Bg5 Be7
15. Ne4 h6 16. Bxe7 Ncxe7 17. Ne5 Nf5 18. Qf3 Rf8 19. Rac1 f6 20. Nc4 Bd7 21.
Nc5 b6 22. Nxd7 Qxd7 23. Ne3 Nfxe3 24. fxe3 Rac8 25. Qe4 f5 26. Qe5 Rfe8 27. h3
Rf8 28. Re1 Rfe8 29. Rxc8 Rxc8 30. e4 fxe4 31. Qxe4 Kh8 32. Qxe6 Qxe6 33. Rxe6
Nf4 34. Re4 Nd3 35. Re7 a5 36. Rb7 Nxb2 37. Rxb6 a4 38. Be6 Rc1+ 39. Kh2 a3 40.
d5 Na4 41. Rb8+ Kh7 42. d6 1-0

[Event "Woerishofen sen 2016"]
[Site "Bad Woerishofen"]
[Date "2016.02.27"]
[Round "2.29"]
[White "Sand, Rolf"]
[Black "Hager, Eberhard"]
[Result "1/2-1/2"]
[WhiteElo "2032"]
[BlackElo "1745"]
[PlyCount "113"]
[EventDate "2016.02.26"]
[EventType "swiss"]
[EventCountry "GER"]
[WhiteTeam "Tuebingen SV"]
[BlackTeam "Friedberg SC"]
[WhiteTeamCountry "GER"]
[BlackTeamCountry "GER"]

1. c4 e5 2. g3 Nf6 3. Bg2 Nc6 4. Nc3 Bb4 5. Nd5 Bc5 6. Nf3 d6 7. O-O O-O 8. d3
h6 9. e3 a5 10. b3 Nxd5 11. cxd5 Ne7 12. d4 exd4 13. Nxd4 Nf5 14. Bb2 Bd7 15.
e4 Nxd4 16. Bxd4 Bxd4 17. Qxd4 f6 18. Rac1 Kh8 19. Rfd1 Rf7 20. Qc4 Rc8 21. Qd4
Re7 22. Rc3 c6 23. dxc6 Rxc6 24. Rcd3 Qc7 25. R3d2 Bg4 26. f3 Bh5 27. Qf2 Rd7
28. Bh3 Rd8 29. Be6 Rc1 30. Bc4 Rxd1+ 31. Rxd1 a4 32. g4 axb3 33. axb3 Bf7 34.
Bxf7 Qxf7 35. Qb6 Qe7 36. Rd5 Rd7 37. Kg2 Kh7 38. Qd4 Kg8 39. h3 Kh7 40. f4 Rc7
41. Qd3 Kh8 42. Rxd6 Rc8 43. Rd4 Qa3 44. Rd8+ Rxd8 45. Qxd8+ Kh7 46. Qd3 Kh8
47. Qc2 Qd6 48. Kf3 Qa6 49. Qc4 Qa1 50. Qc8+ Kh7 51. Qf5+ Kh8 52. e5 Qh1+ 53.
Ke3 Qxh3+ 54. Kd4 fxe5+ 55. fxe5 Qxb3 56. e6 Qb4+ 57. Ke3 1/2-1/2

[Event "Woerishofen sen 2016"]
[Site "Bad Woerishofen"]
[Date "2016.02.27"]
[Round "2.30"]
[White "Spurga, Josef"]
[Black "Wagner, Gerhard"]
[Result "1-0"]
[WhiteElo "2002"]
[BlackElo "1760"]
[PlyCount "109"]
[EventDate "2016.02.26"]
[EventType "swiss"]
[EventCountry "GER"]
[WhiteTeam "Sindelfingen VfL"]
[BlackTeam "Windach SF"]
[WhiteTeamCountry "GER"]
[BlackTeamCountry "GER"]

1. d4 d5 2. Nf3 Nf6 3. e3 e6 4. Bd3 Nbd7 5. O-O Bd6 6. c4 dxc4 7. Bxc4 O-O 8.
Nc3 c6 9. e4 e5 10. Bg5 Qc7 11. h3 b5 12. Bd3 Ne8 13. Rc1 a6 14. Nd5 Qb7 15.
Ne7+ Kh8 16. Nxc6 f6 17. Be3 exd4 18. Ncxd4 Ne5 19. Nxe5 Bxe5 20. b3 Bd7 21.
Bb1 Rc8 22. Qd2 Nc7 23. Nf3 Ne6 24. Nxe5 fxe5 25. Qd6 Nf4 26. Rxc8 Qxc8 27.
Bxf4 exf4 28. Rd1 Be6 29. f3 Kg8 30. Kh2 Bf7 31. Qd7 Qc5 32. Qd4 Qg5 33. Qf2
Bh5 34. Rd5 Qh6 35. Qh4 g6 36. Qe7 Qg7 37. Qe6+ Kh8 38. Rd7 Qf6 39. Qxf6+ Rxf6
40. e5 Re6 41. Rd5 g5 42. Bf5 Re7 43. e6 Be8 44. Bg4 Kg7 45. Rxg5+ Bg6 46. Rd5
Kf6 47. h4 Bb1 48. a3 Bc2 49. b4 Bg6 50. h5 Bb1 51. Rd6 Ba2 52. Rxa6 Bxe6 53.
Rb6 Kf7 54. Bxe6+ Rxe6 55. Rxb5 1-0

[Event "Woerishofen sen 2016"]
[Site "Bad Woerishofen"]
[Date "2016.02.27"]
[Round "2.31"]
[White "Rothenhagen, Siegfried"]
[Black "Bachmann, Rolf"]
[Result "0-1"]
[WhiteElo "1806"]
[BlackElo "1993"]
[PlyCount "82"]
[EventDate "2016.02.26"]
[EventType "swiss"]
[EventCountry "GER"]
[WhiteTeam "Windach SF"]
[BlackTeam "Hamm SV"]
[WhiteTeamCountry "GER"]
[BlackTeamCountry "GER"]

1. d4 Nf6 2. Bf4 g6 3. Nf3 Bg7 4. h3 O-O 5. e3 d6 6. c3 Nbd7 7. Bc4 Nb6 8. Bd3
Re8 9. Bg5 e5 10. dxe5 dxe5 11. Bxf6 Qxf6 12. Nbd2 Qe7 13. e4 Be6 14. O-O Red8
15. Qe2 Rd7 16. Bc4 Bh6 17. Bxe6 Qxe6 18. Nb3 Qe7 19. Rfd1 Rad8 20. Rxd7 Rxd7
21. Rd1 f6 22. Rxd7 Qxd7 23. Nbd2 c6 24. b3 Kf8 25. Kf1 Qe6 26. Qd3 Ke7 27. c4
Qd6 28. Qxd6+ Kxd6 29. Ke2 Kc5 30. Kd3 Kb4 31. Nb1 a5 32. Kc2 a4 33. a3+ Kc5
34. Nbd2 Bxd2 35. Nxd2 Kd4 36. bxa4 Nxc4 37. Nxc4 Kxc4 38. f3 h5 39. g3 g5 40.
Kb2 Kd3 41. Kb3 c5 0-1